<?xml version="1.0" encoding="UTF-8"?>
<collection xmlns="http://www.loc.gov/MARC21/slim">
 <record>
  <leader>02263nnm a2200313 i 4500</leader>
  <controlfield tag="001">eta3084</controlfield>
  <controlfield tag="005">20200701080743.0</controlfield>
  <controlfield tag="008">200701s2020    hu      o     0||   eng d</controlfield>
  <datafield tag="040" ind1=" " ind2=" ">
   <subfield code="a">SZTE Elektronikus Tananyag Archívum</subfield>
   <subfield code="b">hun</subfield>
  </datafield>
  <datafield tag="041" ind1=" " ind2=" ">
   <subfield code="a">eng</subfield>
  </datafield>
  <datafield tag="100" ind1="1" ind2=" ">
   <subfield code="a">Szabó Andrea</subfield>
  </datafield>
  <datafield tag="245" ind1="1" ind2="0">
   <subfield code="a">Study Guide </subfield>
   <subfield code="h">[elektronikus dokumentum] :</subfield>
   <subfield code="b">preparation for the theoretical exam in Microsurgery at the Dentistry Faculty of the University of Szeged = Tanulási útmutató : felkészülés az elméleti vizsgára Mikrosebészet c. tárgyból a FOK-n /</subfield>
   <subfield code="c"> Szabó Andrea</subfield>
  </datafield>
  <datafield tag="260" ind1=" " ind2=" ">
   <subfield code="c">2020</subfield>
  </datafield>
  <datafield tag="300" ind1=" " ind2=" ">
   <subfield code="a">32</subfield>
  </datafield>
  <datafield tag="516" ind1=" " ind2=" ">
   <subfield code="a">Guide</subfield>
  </datafield>
  <datafield tag="520" ind1="3" ind2=" ">
   <subfield code="a">Tartalom: Tantárgy célja  A tantárgy elvárt kimeneti követelményei (Kompetenciamérő lap) Számonkérés módja  A képzés sikeres elvégzésének feltételei  A tanulási eredmények értékelése A kollokviumjegy számítása A tanulási eredmények elérését támogató módszerek: ad 1. Előadások  ad 2. Konzultáció az előadókkal  ad 3. Kötelező irodalom ad 4. Az alábbi című videók a Coospace-en (wmw) Témakörök (az elsajátítandó tanagyag sorrendje a források megjelölésével) Források és önellenőrző kérdések (témakörönként)</subfield>
  </datafield>
  <datafield tag="520" ind1="3" ind2=" ">
   <subfield code="a">Contents: The aim of the subject Expected output requirements for the course (specific learning outcomes to be achieved with the subject): (Competence evalutaion sheet) Criteria for completing the course Assessment of learning outcomes Grading Methods to support learning outcome: ad 1. Lectures  ad 2. Consultation with the lecturers  ad 3. Compulsory textbooks, recommended literature ad 4. Tutorial videos at Coospace-en (wmw) Topics (in suggested order of the studies) Sources and self-checking questions (detailed by topics)</subfield>
  </datafield>
  <datafield tag="650" ind1=" " ind2="4">
   <subfield code="a">Orvos- és egészségtudomány</subfield>
  </datafield>
  <datafield tag="650" ind1=" " ind2="4">
   <subfield code="a">Klinikai orvostan</subfield>
  </datafield>
  <datafield tag="650" ind1=" " ind2="4">
   <subfield code="a">Sebészet</subfield>
  </datafield>
  <datafield tag="650" ind1=" " ind2="4">
   <subfield code="a">Mikrosebészet</subfield>
  </datafield>
  <datafield tag="650" ind1=" " ind2="4">
   <subfield code="a">Szájsebészet</subfield>
  </datafield>
  <datafield tag="695" ind1=" " ind2=" ">
   <subfield code="a">mikrosebészet</subfield>
  </datafield>
  <datafield tag="695" ind1=" " ind2=" ">
   <subfield code="a">sebészet</subfield>
  </datafield>
  <datafield tag="700" ind1="0" ind2="1">
   <subfield code="a">Kovách Kornél</subfield>
  </datafield>
  <datafield tag="700" ind1="0" ind2="1">
   <subfield code="a">Williams Thomas</subfield>
  </datafield>
  <datafield tag="700" ind1="0" ind2="1">
   <subfield code="a">Poles Marietta</subfield>
   <subfield code="e">aut</subfield>
  </datafield>
  <datafield tag="700" ind1="0" ind2="1">
   <subfield code="a">Boros Mihály</subfield>
   <subfield code="e">aut</subfield>
  </datafield>
  <datafield tag="856" ind1="4" ind2="0">
   <subfield code="u">https://eta.bibl.u-szeged.hu/3084/1/Preparation%20for%20the%20THEORETICAL%20exam%20in%20Microsurgery%20for%20dentistry%20students_Study%20Guide.pdf</subfield>
   <subfield code="z">Dokumentum-elérés </subfield>
  </datafield>
 </record>
</collection>
